000128724 001__ 128724
000128724 005__ 20231213131035.0
000128724 037__ $$aTAZ-TFM-2021-103
000128724 041__ $$aspa
000128724 1001_ $$aPalacios Blanzaco, David
000128724 24200 $$aRelationship between bullying and substance use: a systematic review
000128724 24500 $$aRelación entre bullying y consumo de sustancias: Una revisión sistemática
000128724 260__ $$aZaragoza$$bUniversidad de Zaragoza$$c2021
000128724 506__ $$aby-nc-sa$$bCreative Commons$$c3.0$$uhttp://creativecommons.org/licenses/by-nc-sa/3.0/
000128724 520__ $$aLa adolescencia es una etapa de la vida con grandes cambios en el desarrollo de los jóvenes. Sin embargo, resulta una etapa algo complicada y convulsa para muchos de ellos. Esto se debe a los problemas que puedan acontecer en los entornos escolares públicos y privados como, por ejemplo, el bullying y el consumo de sustancias. La presente revisión sistemática se ha enfocado a estudiar la relación entre ambas variables en estudiantes de secundaria.<br /><br />
000128724 521__ $$aMáster Universitario en Psicología General Sanitaria
000128724 540__ $$aDerechos regulados por licencia Creative Commons
000128724 700__ $$aGallardo Ortín, Laura$$edir.
000128724 7102_ $$aUniversidad de Zaragoza$$bPsicología y Sociología$$cPsicología Evolutiva y de la Educación
000128724 8560_ $$f719838@unizar.es
000128724 8564_ $$s746453$$uhttps://zaguan.unizar.es/record/128724/files/TAZ-TFM-2021-103.pdf$$yMemoria (spa)
000128724 909CO $$ooai:zaguan.unizar.es:128724$$pdriver$$ptrabajos-fin-master
000128724 950__ $$a
000128724 951__ $$adeposita:2023-12-13
000128724 980__ $$aTAZ$$bTFM$$cFCSH
000128724 999__ $$a20210225144003.CREATION_DATE